Score 0/36 Timer 05:00
0 Plays Today
% Correct
Macbeth
93.9%
Mojito
93%
Mets
89.9%
Mai Tai
89.3%
Men At Work
88.8%
Margarita
88.2%
Mickey Mouse
87%
Monkey
86%
Much Ado About Nothing
84.9%
Magic
83.9%
Maroon 5
83.7%
Marlins
78.5%
A Midsummer Night's Dream
77.6%
Mint Julep
77.4%
Merchant of Venice
76.9%
Manhattan
76.5%
Maple Leafs
75.1%
Mavericks
74.8%
% Correct
Mighty Mouse
74.7%
Mongoose
70%
Marvin the Martian
69%
Mister Magoo
68.3%
Metallica
67.1%
The Monkees
67.1%
Meerkat
66%
Moscow Mule
60.8%
Manatee
59.5%
Modest Mouse
58.8%
Mallard
57.4%
Muskrat
53.4%
Merry Wives of Windsor
51.1%
Marge Simpson
49.9%
Magilla Gorilla
44.1%
Megadeth
43.6%
Mariners
43.2%
Measure For Measure
40.5%

You're not logged in!

Compare scores with friends on all Sporcle quizzes.
OR
Log In

Sporcle TV

Today on Sporcle TV


Watch our educational content, quiz creation guides, and fun videos on Sporcle TV.

Show Comments

Extras

Top Quizzes Today


Score Distribution

Your Account Isn't Verified!

In order to create a playlist on Sporcle, you need to verify the email address you used during registration. Go to your Sporcle Settings to finish the process.

Report this User

Report this user for behavior that violates our Community Guidelines.

Details: